Les plus longs noms de pays à un seul mot - Statistiques

Statistiques générales
  • Ce quiz a été pris 424 fois
  • Le résultat moyen est 13 sur 20
Statistiques - réponses
lettres pays % Correct
9 (commençant par A-M) Allemagne, Argentine, Australie, Dominique, Guatemala, Indonésie, Macédoine
96%
9 (commençant par N-Z) Nicaragua, Palestine, Singapour, Swaziland, Thaïlande, Venezuela
87%
11 Ouzbékistan
87%
12 Turkménistan
87%
10 Kazakhstan
84%
11 Tadjikistan
84%
11 Afghanistan
82%
12 Kirghizistan
81%
11 Azerbaïdjan
74%
10 Madagascar
61%
10 Mozambique
59%
11 Biélorussie
58%
10 Mauritanie
57%
13 Liechtenstein
54%
11 Philippines
49%
10 Luxembourg
44%
10 Bangladesh
40%
10 Monténégro
34%
10 Micronésie
31%
10 Seychelles
26%
Aucun quiz correspondant
Distribution des résultats
% des personnes avec chaque résultat
Percentile par nombre de réponses
Votre historique - résultats
Vous n’avez pas pris ce quiz